000 00266nam a2200109Ia 4500
008 190216s9999||||xx |||||||||||||| ||und||
100 _aThothari Raman & Parag Diwan
245 0 _aErp Genie
260 _bVikas Publishing House
_c2001
300 _a109p
942 _cBK
999 _c6284
_d6284